[Event "European zonal 2"]
[Site "Helsinki FIN"]
[Date "1972.??.??"]
[Round "15"]
[White "Torvaldsson, Jonas"]
[Black "Gheorghiu, Florin"]
[Result "1/2-1/2"]
[WhiteElo "2390"]
[BlackElo "2520"]
[EventDate "1972.07.25"]
[PlyCount "61"]

1.Nf3 g6 2.c4 Bg7 3.Nc3 c5 4.d4 cxd4 5.Nxd4 Nc6 6.Nxc6 bxc6 7.e4 d6 8.Be2 
Nf6 9.O-O O-O 10.Be3 Rb8 11.Rb1 Qa5 12.Qd2 Ng4 13.Bxg4 Bxg4 14.Rfc1 Be6 
15.b4 Qa3 16.Rb3 Qa6 17.b5 cxb5 18.cxb5 Qb7 19.Nd5 Rfc8 20.b6 Bxd5 21.exd5
axb6 22.Rxb6 Qa8 23.Rbc6 Re8 24.Bb6 Qa3 25.g3 Ra8 26.R1c2 Qf3 27.Ba5 h5 
28.h4 Reb8 29.Rb6 Bh6 30.Qd4 Bg7 31.Qc4 1/2-1/2